Prodej informací prostřednictvím počítačové sítě v Maďarsku.

Situácia v dialógových rešeršných informačných službách v USA a i. Heterogénnosť riešení a možnosti rozširovania dialógových služieb. Nástup expertných systémov. Súčasný stav informačných služieb v Maďarsku. Prehľad projektov Maďarskej obchodnej komory a SZUV (Štátny štatist. úrad). Použité technick...

Ausführliche Beschreibung

Gespeichert in:
Bibliographische Detailangaben
Format: Buchkapitel
Sprache:Tschechisch
Schlagworte:
Tags: Tag hinzufügen
Keine Tags, Fügen Sie das erste Tag hinzu!

MARC

LEADER 00000naa a2200000 4500
001 r002676
005 20220819175718.5
041 0 |a cze 
044 |a [CS] 
245 1 0 |a Prodej informací prostřednictvím počítačové sítě v Maďarsku. 
520 |a Situácia v dialógových rešeršných informačných službách v USA a i. Heterogénnosť riešení a možnosti rozširovania dialógových služieb. Nástup expertných systémov. Súčasný stav informačných služieb v Maďarsku. Prehľad projektov Maďarskej obchodnej komory a SZUV (Štátny štatist. úrad). Použité technické a technologické riešenia. 
610 2 0 |a siete počítačové 
610 2 0 |a MR 
610 2 0 |a systémy expertné 
610 2 0 |a služby informačné 
610 2 0 |a predaj 
610 2 0 |a rešerše 
610 2 0 |a systémy dialógové